| 000 | 00640naa a2200193 4500 | ||
|---|---|---|---|
| 001 | 143837 | ||
| 003 | ES-MaBCM | ||
| 005 | 20241016183636.0 | ||
| 008 | 061226s2006 esp|r0p 0 ||spa d | ||
| 021 | _axx | ||
| 035 | _a(OCoLC)1365166073 | ||
| 040 | _cES-MaBCM | ||
| 100 | 1 |
_aGonzález-Cuéllar García, Antonio _919541 |
|
| 245 | 1 | 3 |
_aEl Consejo como garantía de la independencia judicial _cAntonio González-Cuéllar García |
| 610 | 1 | 7 |
_aEspaña _b. Consejo General del Poder Judicial _2 _914379 |
| 651 | 2 | 4 |
_aEspaña _9115342 |
| 773 | 0 |
_aEn: _t Jueces para la democracia _dMadrid _w104454 _gN. 57 (nov. 2006), p. 84-90 |
|
| 942 | _cAREV | ||
| 999 |
_c143837 _d143837 |
||